[Event "Verbandsliga Suedbaden 2223"]
[Site "Germany"]
[Date "2023.03.05"]
[Round "7.7"]
[White "Merklinger, Markus"]
[Black "Jaehn, Michael"]
[Result "1/2-1/2"]
[WhiteElo "2078"]
[BlackElo "2059"]
[PlyCount "47"]
[EventDate "2022.09.25"]
[EventType "team-tourn"]
[EventRounds "9"]
[EventCountry "GER"]
[SourceTitle "EXT 2024"]
[Source "ChessBase"]
[SourceDate "2023.10.10"]
[SourceVersion "1"]
[SourceVersionDate "2023.10.10"]
[SourceQuality "1"]
[WhiteTeam "Kuppenheim"]
[BlackTeam "Gottmadingen"]
[WhiteTeamCountry "GER"]
[BlackTeamCountry "GER"]

1. d4 Nf6 2. Nf3 g6 3. c4 Bg7 4. Nc3 0-0 5. Bg5 d6 6. e3 Nbd7 7. Be2 c6 8. Qc2 a5 9. 0-0 Qc7 10. Rad1 e5 11. dxe5 dxe5 12. a3 Nc5 13. Nd2 Bf5 14. e4 Bd7 15. b4 axb4 16. axb4 Ne6 17. Nf3 Nxg5 18. Nxg5 h6 19. Nf3 Nh5 20. g3 Bh3 21. Rfe1 Rfd8 22. Nd2 Nf6 23. c5 b5 24. Nb3 1/2-1/2

[Event "Verbandsliga Suedbaden 2223"]
[Site "Germany"]
[Date "2023.02.12"]
[Round "6.7"]
[White "Jud, Marc"]
[Black "Merklinger, Markus"]
[Result "1/2-1/2"]
[WhiteElo "1833"]
[BlackElo "2078"]
[PlyCount "106"]
[EventDate "2022.09.25"]
[EventType "team-tourn"]
[EventRounds "9"]
[EventCountry "GER"]
[SourceTitle "EXT 2024"]
[Source "ChessBase"]
[SourceDate "2023.10.10"]
[SourceVersion "1"]
[SourceVersionDate "2023.10.10"]
[SourceQuality "1"]
[WhiteTeam "Dreilaendereck"]
[BlackTeam "Kuppenheim"]
[WhiteTeamCountry "GER"]
[BlackTeamCountry "GER"]

1. e4 g6 2. d4 Bg7 3. c4 d6 4. Nc3 Nf6 5. f3 0-0 6. Be3 Nc6 7. Bd3 e5 8. d5 Nd4 9. Nge2 Nh5 10. Qd2 c5 11. 0-0 f5 12. f4 fxe4 13. Bxe4 Nf5 14. Bxf5 gxf5 15. fxe5 Bxe5 16. Nf4 Nxf4 17. Bxf4 Bd7 18. Bxe5 dxe5 19. d6 Bc6 20. Rad1 Qf6 21. Nd5 Qxd6 22. Qg5+ Kh8 23. Nb6 Qg6 24. Qxg6 hxg6 25. Nxa8 Rxa8 26. Rd6 Kg7 27. Rfd1 Re8 28. Rxc6 bxc6 29. Rd7+ Kf6 30. Rxa7 Ke6 31. Rc7 Kd6 32. Rg7 e4 33. Rxg6+ Ke5 34. Kf2 Ra8 35. Rxc6 Kd4 36. Rd6+ Kxc4 37. Ke3 Rxa2 38. Rd2 Kb3 39. h4 Ra1 40. Rf2 Rh1 41. g3 Rg1 42. Rxf5 Rxg3+ 43. Kxe4 Kxb2 44. Rf2+ Kb3 45. Rh2 c4 46. Kf4 Rg8 47. h5 c3 48. Kf5 c2 49. Rh1 Kb2 50. h6 Rh8 51. Kg6 Rxh6+ 52. Kxh6 c1Q+ 53. Rxc1 Kxc1 1/2-1/2

[Event "Verbandsliga Suedbaden 2223"]
[Site "Germany"]
[Date "2022.12.04"]
[Round "4.7"]
[White "Merklinger, Markus"]
[Black "Khalil, Alaa El Din"]
[Result "1/2-1/2"]
[WhiteElo "2078"]
[BlackElo "2078"]
[PlyCount "69"]
[EventDate "2022.09.25"]
[EventType "team-tourn"]
[EventRounds "9"]
[EventCountry "GER"]
[SourceTitle "EXT 2024"]
[Source "ChessBase"]
[SourceDate "2023.10.10"]
[SourceVersion "1"]
[SourceVersionDate "2023.10.10"]
[SourceQuality "1"]
[WhiteTeam "Kuppenheim"]
[BlackTeam "Baden-Baden IV"]
[WhiteTeamCountry "GER"]
[BlackTeamCountry "GER"]

1. d4 d5 2. Nf3 Nf6 3. e3 c6 4. c4 a6 5. Qb3 g6 6. Nc3 Bg7 7. Bd3 0-0 8. 0-0 dxc4 9. Bxc4 b5 10. Be2 Be6 11. Qc2 Qb6 12. e4 Rd8 13. h3 b4 14. Na4 Qa5 15. Nc5 Bc8 16. Bd2 Qb6 17. a3 bxa3 18. Rxa3 Re8 19. Rfa1 Nfd7 20. Rb3 Qa7 21. Nxd7 Bxd7 22. Be3 Rc8 23. Ra5 Qc7 24. Rba3 Qb7 25. Rb3 Qc7 26. Rc5 e6 27. Ne5 Be8 28. Nd3 Nd7 29. Rc4 Nb6 30. Rcb4 Nd7 31. Rb7 Qd8 32. Nc5 Nxc5 33. Qxc5 Bf8 34. Qc3 a5 35. Qc4 1/2-1/2

[Event "Verbandsliga Suedbaden 1920"]
[Site "Baden"]
[Date "2021.07.25"]
[Round "9.5"]
[White "Merklinger, Markus"]
[Black "Schulz, Vladimir"]
[Result "0-1"]
[WhiteElo "2106"]
[BlackElo "2121"]
[PlyCount "116"]
[EventDate "2019.09.29"]
[EventType "team-tourn"]
[EventRounds "9"]
[EventCountry "GER"]
[SourceTitle "EXT 2021"]
[Source "ChessBase"]
[SourceDate "2020.10.23"]
[SourceVersion "1"]
[SourceVersionDate "2020.10.23"]
[SourceQuality "1"]
[WhiteTeam "Kuppenheim"]
[BlackTeam "Baden-Baden IV"]
[WhiteTeamCountry "GER"]
[BlackTeamCountry "GER"]

1. d4 Nf6 2. Nf3 c5 3. e3 g6 4. c3 b6 5. Bd3 Bb7 6. 0-0 Bg7 7. Nbd2 d5 8. Ne5 Nbd7 9. f4 0-0 10. Ndf3 Ne4 11. Nxd7 Qxd7 12. Nd2 Nd6 13. b3 c4 14. bxc4 dxc4 15. Nxc4 Nxc4 16. Bxc4 Rac8 17. Qe2 Bxg2 18. Bxf7+ Kxf7 19. Qxg2 Rxc3 20. Bd2 Rc2 21. Rf2 Kg8 22. Qe4 Qf5 23. Qxf5 Rxf5 24. Be1 Rxf2 25. Bxf2 g5 26. fxg5 Rxg5+ 27. Kf1 Ra5 28. Ke2 Ra3 29. Kd2 b5 30. Kc2 b4 31. Kb2 e5 32. Rd1 exd4 33. exd4 Rf3 34. Bg3 a5 35. Bd6 Kf7 36. Rd2 Ke6 37. Bc5 Kd5 38. Kc2 Rc3+ 39. Kb1 Kc4 40. Bb6 a4 41. d5 Bh6 42. Rd1 b3 43. Bd4 bxa2+ 44. Kxa2 Rc2+ 45. Kb1 Rd2 46. Rxd2 Bxd2 47. Bf6 Bb4 48. Kc2 Kxd5 49. Kd3 Bd6 50. h3 a3 51. Kc2 Be5 52. Bxe5 Kxe5 53. Kb3 Kf4 54. Kxa3 Kg3 55. Kb3 Kxh3 56. Kc3 h5 57. Kd3 h4 58. Ke2 Kg2 0-1

[Event "Verbandsliga Suedbaden 1920"]
[Site "Baden"]
[Date "2021.07.04"]
[Round "8.6"]
[White "Merklinger, Markus"]
[Black "Nabavi, Parwis"]
[Result "1/2-1/2"]
[WhiteElo "2106"]
[BlackElo "2182"]
[PlyCount "113"]
[EventDate "2019.09.29"]
[EventType "team-tourn"]
[EventRounds "9"]
[EventCountry "GER"]
[SourceTitle "EXT 2021"]
[Source "ChessBase"]
[SourceDate "2020.10.23"]
[SourceVersion "1"]
[SourceVersionDate "2020.10.23"]
[SourceQuality "1"]
[WhiteTeam "Kuppenheim"]
[BlackTeam "Dreisamtal"]
[WhiteTeamCountry "GER"]
[BlackTeamCountry "GER"]

1. d4 d5 2. Nf3 Nf6 3. Bf4 e6 4. e3 c5 5. c3 Nc6 6. Nbd2 Bd6 7. Bg3 0-0 8. Bd3 Qe7 9. Ne5 Nd7 10. f4 f6 11. Nxd7 Bxd7 12. Qh5 g6 13. Qe2 e5 14. dxc5 Bxc5 15. Nb3 Bd6 16. 0-0 a5 17. fxe5 Nxe5 18. Bc2 Rfe8 19. e4 Ng4 20. Bxd6 Qxd6 21. g3 f5 22. Rad1 fxe4 23. Nd4 Ne5 24. Qg2 Bg4 25. Rde1 Qd7 26. Qd2 Bf3 27. Bb3 a4 28. Bd1 Bxd1 29. Rxd1 Nd3 30. Rf6 Rf8 31. Rdf1 Rxf6 32. Rxf6 Rf8 33. Qg5 Rxf6 34. Qxf6 Qf7 35. Qxf7+ Kxf7 36. b3 Nc1 37. bxa4 Nxa2 38. Ne2 Ke6 39. Kf2 Ke5 40. Ke1 e3 41. Kd1 Nxc3+ 42. Nxc3 d4 43. Ne2 Ke4 44. Nf4 g5 45. Ne6 h6 46. Nc5+ Kf3 47. Nd3 b6 48. Ke1 h5 49. Nb2 h4 50. gxh4 gxh4 51. Kf1 h3 52. Nd3 e2+ 53. Ke1 Ke3 54. Nc1 d3 55. Nb3 Kf3 56. Nc1 Ke3 57. Nb3 1/2-1/2

[Event "Verbandsliga Suedbaden 1920"]
[Site "Baden"]
[Date "2020.02.02"]
[Round "5.5"]
[White "Merklinger, Markus"]
[Black "Jaehn, Michael"]
[Result "1-0"]
[WhiteElo "2106"]
[BlackElo "2059"]
[PlyCount "87"]
[EventDate "2019.09.29"]
[EventType "team-tourn"]
[EventRounds "9"]
[EventCountry "GER"]
[SourceTitle "EXT 2021"]
[Source "ChessBase"]
[SourceDate "2020.10.23"]
[SourceVersion "1"]
[SourceVersionDate "2020.10.23"]
[SourceQuality "1"]
[WhiteTeam "Kuppenheim"]
[BlackTeam "Gottmadingen"]
[WhiteTeamCountry "GER"]
[BlackTeamCountry "GER"]

1. d4 d6 2. Nf3 g6 3. Bf4 Bg7 4. e3 Nd7 5. Nbd2 e5 6. Bg3 Nh6 7. Bd3 0-0 8. c3 Kh8 9. h3 f5 10. dxe5 dxe5 11. Be2 Qe8 12. 0-0 Nf7 13. Re1 Nc5 14. Qc2 Be6 15. b4 Nd7 16. Nc4 Bd5 17. Rad1 Qe6 18. Na5 b6 19. Nb3 Rad8 20. c4 Be4 21. Qc1 Qe7 22. c5 bxc5 23. bxc5 c6 24. Nfd2 Bd5 25. Nc4 h5 26. Nca5 h4 27. Bh2 Qg5 28. Bf1 Qf6 29. Bc4 Bxc4 30. Qxc4 Nb8 31. Nb7 Rxd1 32. Rxd1 Qe7 33. Nd6 Kh7 34. Nxf7 Rxf7 35. Rd6 Rf8 36. Re6 Qf7 37. Qxh4+ Kg8 38. Re7 Qd5 39. Bxe5 Rf7 40. Re8+ Rf8 41. Rxf8+ Kxf8 42. Bxb8 Be5 43. Bxe5 Qd1+ 44. Kh2 1-0

[Event "Verbandsliga Suedbaden 1920"]
[Site "Baden"]
[Date "2020.01.12"]
[Round "4.6"]
[White "Merklinger, Markus"]
[Black "Bittner, Thomas"]
[Result "1/2-1/2"]
[WhiteElo "2106"]
[BlackElo "2146"]
[PlyCount "56"]
[EventDate "2019.09.29"]
[EventType "team-tourn"]
[EventRounds "9"]
[EventCountry "GER"]
[SourceTitle "EXT 2021"]
[Source "ChessBase"]
[SourceDate "2020.10.23"]
[SourceVersion "1"]
[SourceVersionDate "2020.10.23"]
[SourceQuality "1"]
[WhiteTeam "Kuppenheim"]
[BlackTeam "Baden-Baden V"]
[WhiteTeamCountry "GER"]
[BlackTeamCountry "GER"]

1. d4 Nf6 2. Nf3 c5 3. c3 cxd4 4. cxd4 d5 5. Nc3 Nc6 6. Bg5 Ne4 7. Be3 Qa5 8. Qb3 e6 9. a3 Bd7 10. Rc1 a6 11. g3 b5 12. Bg2 Nxc3 13. Bd2 Qa4 14. Qxc3 b4 15. axb4 Nxb4 16. b3 Qa3 17. Rb1 Rc8 18. Qb2 Nc2+ 19. Kd1 Qxb2 20. Rxb2 Nb4 21. Ne1 Bb5 22. Bf1 Bd6 23. Nc2 a5 24. Nxb4 axb4 25. e3 Bxf1 26. Rxf1 Ra8 27. Ke2 Kd7 28. Kd3 Rhc8 1/2-1/2

[Event "Alsace-Baden"]
[Site "Selestat"]
[Date "2019.09.22"]
[Round "1.11"]
[White "Merklinger, Markus"]
[Black "Schaub, Marc"]
[Result "1/2-1/2"]
[WhiteElo "2106"]
[BlackElo "2005"]
[PlyCount "71"]
[EventDate "2019.09.22"]
[EventType "team-match"]
[EventRounds "1"]
[EventCountry "FRA"]
[SourceTitle "CBM 192 Extra"]
[Source "Chessbase"]
[SourceDate "2019.11.06"]
[SourceVersion "1"]
[SourceVersionDate "2019.11.06"]
[SourceQuality "1"]
[WhiteTeam "Baden"]
[BlackTeam "Alsace"]
[WhiteTeamCountry "GER"]
[BlackTeamCountry "FRA"]

1. d4 d5 2. Nf3 Nf6 3. Bf4 e6 4. e3 Bd6 5. Bg3 0-0 6. Nbd2 b6 7. Bd3 c5 8. c3 Bb7 9. Ne5 Nc6 10. f4 Ne7 11. Qf3 Nf5 12. Bf2 Be7 13. 0-0 Nd6 14. Qh3 Nfe4 15. Rad1 cxd4 16. exd4 f5 17. Ndf3 Rc8 18. Bh4 Bxh4 19. Qxh4 Qxh4 20. Nxh4 b5 21. Rfe1 a5 22. a3 Rc7 23. Nhf3 Nc4 24. Re2 Nxe5 25. Nxe5 Ba6 26. a4 Rb8 27. Ra1 Ra8 28. axb5 Bc8 29. Ra4 Nd6 30. Nc6 Bd7 31. Nxa5 Rca7 32. b4 Nxb5 33. Ra1 Nxc3 34. Rc2 Nb5 35. Bxb5 Bxb5 36. Rac1 1/2-1/2

[Event "Verbandsliga Suedbaden 1819"]
[Site "Baden"]
[Date "2018.10.14"]
[Round "1.7"]
[White "Lang, Alexander"]
[Black "Merklinger, Markus"]
[Result "1/2-1/2"]
[WhiteElo "2032"]
[BlackElo "2106"]
[PlyCount "150"]
[EventDate "2018.10.14"]
[EventType "team-tourn"]
[EventRounds "9"]
[EventCountry "GER"]
[SourceTitle "EXT 2020"]
[Source "ChessBase"]
[SourceDate "2019.10.17"]
[SourceVersion "1"]
[SourceVersionDate "2019.10.17"]
[SourceQuality "1"]
[WhiteTeam "Oberwinden"]
[BlackTeam "Kuppenheim"]
[WhiteTeamCountry "GER"]
[BlackTeamCountry "GER"]

1. d4 Nf6 2. c4 e6 3. Nc3 Bb4 4. e3 0-0 5. Nge2 b6 6. a3 Be7 7. Nf4 d5 8. cxd5 exd5 9. Bd3 Ba6 10. Bxa6 Nxa6 11. Qd3 Nb8 12. 0-0 c6 13. b4 a6 14. Bb2 Nbd7 15. Rac1 b5 16. Rc2 Nb6 17. e4 dxe4 18. Nxe4 Nc4 19. Nc5 Nd5 20. Qf3 Nxf4 21. Qxf4 Bf6 22. Rd1 Qd5 23. Ne4 Be7 24. Bc1 a5 25. Nc3 Qh5 26. g4 Qg6 27. Re2 Bd6 28. Qf3 axb4 29. axb4 Bxb4 30. Na2 Bd6 31. Nc3 Ra1 32. d5 cxd5 33. Nxb5 Bxh2+ 34. Kxh2 Rxc1 35. Rxc1 Qh6+ 36. Kg2 Qxc1 37. Qxd5 Nb6 38. Qd3 Qc6+ 39. Kg3 Qg6 40. Qd6 Qxd6+ 41. Nxd6 Rd8 42. Re8+ Rxe8 43. Nxe8 Kf8 44. Nd6 Nd5 45. Nf5 Nf6 46. Nd4 g6 47. Kf4 h6 48. Nf3 Nd7 49. Nd4 f6 50. Nc6 Nc5 51. Ke3 Ne6 52. Ke4 Kf7 53. Nb4 Ng7 54. Nd3 f5+ 55. Kf4 Ne6+ 56. Kg3 fxg4 57. Ne5+ Kf6 58. Nxg4+ Kg5 59. Ne5 h5 60. Nf3+ Kf5 61. Nh4+ Kf6 62. f4 Nd4 63. Kf2 Nf5 64. Nf3 Ne7 65. Nh4 Ke6 66. Kf3 Kd5 67. f5 g5 68. f6 Nc6 69. Nf5 Ne5+ 70. Kg3 Ke6 71. Ng7+ Kxf6 72. Nxh5+ Kg6 73. Nf4+ Kf5 74. Nh3 g4 75. Kf2 g3+ 1/2-1/2

[Event "Verbandsliga Suedbaden 1617"]
[Site "Baden"]
[Date "2016.12.11"]
[Round "4.6"]
[White "Merklinger, Markus"]
[Black "Steiger, Wolfgang"]
[Result "1/2-1/2"]
[WhiteElo "2103"]
[BlackElo "2280"]
[PlyCount "66"]
[EventDate "2016.10.09"]
[EventType "team-tourn"]
[EventRounds "9"]
[EventCountry "GER"]
[SourceTitle "EXT 2022"]
[Source "ChessBase"]
[SourceDate "2021.10.06"]
[SourceVersion "1"]
[SourceVersionDate "2021.10.06"]
[SourceQuality "1"]
[WhiteTeam "Kuppenheim"]
[BlackTeam "Gottmadingen"]
[WhiteTeamCountry "GER"]
[BlackTeamCountry "GER"]

1. d4 Nf6 2. Nf3 c5 3. d5 e6 4. Nc3 b5 5. dxe6 fxe6 6. Nxb5 Qa5+ 7. Nc3 d5 8. Bd2 Qb6 9. e3 Nbd7 10. Na4 Qc7 11. c4 Bd6 12. Nc3 a6 13. Rc1 Bb7 14. cxd5 exd5 15. b4 c4 16. a3 0-0 17. h3 Qd8 18. Be2 Qe8 19. Qc2 Kh8 20. 0-0 Rc8 21. Nd4 Ne4 22. Bg4 Rf6 23. f4 Bf8 24. Nxe4 dxe4 25. Bc3 h5 26. Bxd7 Qxd7 27. Rcd1 Qf7 28. Ne2 Rd6 29. Rxd6 Bxd6 30. Rd1 Bb8 31. Qd2 Bc6 32. Nd4 Ba4 33. Rf1 Bc7 1/2-1/2

[Event "Verbandsliga Suedbaden 1617"]
[Site "Baden"]
[Date "2016.11.20"]
[Round "3.6"]
[White "Eichler, Robert"]
[Black "Merklinger, Markus"]
[Result "1/2-1/2"]
[WhiteElo "1993"]
[BlackElo "2103"]
[PlyCount "61"]
[EventDate "2016.10.09"]
[EventType "team-tourn"]
[EventRounds "9"]
[EventCountry "GER"]
[SourceTitle "EXT 2022"]
[Source "ChessBase"]
[SourceDate "2021.10.06"]
[SourceVersion "1"]
[SourceVersionDate "2021.10.06"]
[SourceQuality "1"]
[WhiteTeam "Engen"]
[BlackTeam "Kuppenheim"]
[WhiteTeamCountry "GER"]
[BlackTeamCountry "GER"]

1. e4 g6 2. Nc3 Bg7 3. f4 d6 4. Nf3 c5 5. g3 Nc6 6. Bg2 e6 7. d3 Nge7 8. Be3 Nd4 9. 0-0 0-0 10. Rb1 Nec6 11. Qd2 Rb8 12. a3 Qa5 13. Nh4 f5 14. Qf2 Bd7 15. exf5 Nxf5 16. Nxf5 exf5 17. Nd5 Qd8 18. c3 Ne7 19. Rfe1 Nxd5 20. Bxd5+ Kh8 21. d4 b6 22. Rbd1 Qc7 23. Bf3 Bc6 24. d5 Bd7 25. Bc1 Rfe8 26. Rxe8+ Rxe8 27. Re1 Qd8 28. Re3 Rxe3 29. Qxe3 Qe8 30. Kf2 Kg8 31. Qxe8+ 1/2-1/2

[Event "Verbandsliga Suedbaden 1617"]
[Site "Baden"]
[Date "2016.10.23"]
[Round "2.6"]
[White "Merklinger, Markus"]
[Black "Schulz, Vladimir"]
[Result "0-1"]
[WhiteElo "2103"]
[BlackElo "2137"]
[PlyCount "110"]
[EventDate "2016.10.09"]
[EventType "team-tourn"]
[EventRounds "9"]
[EventCountry "GER"]
[SourceTitle "EXT 2022"]
[Source "ChessBase"]
[SourceDate "2021.10.06"]
[SourceVersion "1"]
[SourceVersionDate "2021.10.06"]
[SourceQuality "1"]
[WhiteTeam "Kuppenheim"]
[BlackTeam "Baden Baden III"]
[WhiteTeamCountry "GER"]
[BlackTeamCountry "GER"]

1. d4 Nf6 2. Bf4 c5 3. dxc5 Na6 4. Nd2 Nxc5 5. e3 d6 6. h3 g6 7. Ngf3 Bg7 8. c3 0-0 9. Nb3 Na4 10. Rb1 Bf5 11. Bd3 e5 12. Bxf5 exf4 13. Bc2 fxe3 14. fxe3 Qe7 15. Qd3 Rfe8 16. Kf2 Nc5 17. Nxc5 dxc5 18. Rhe1 Rad8 19. Qc4 Ne4+ 20. Qxe4 Qxe4 21. Bxe4 Rxe4 22. Rbd1 Rde8 23. Rd7 Bh6 24. Rxb7 Bxe3+ 25. Kf1 c4 26. Rd1 Bb6 27. Rbd7 h5 28. Re1 Rxe1+ 29. Nxe1 g5 30. Nf3 g4 31. hxg4 hxg4 32. Nd2 Re5 33. Nxc4 Rf5+ 34. Ke1 Bf2+ 35. Ke2 Bg1 36. Rd2 a5 37. Ne3 Re5 38. Rd3 f5 39. Kd2 Kf7 40. Nc4 Rc5 41. b3 Kf6 42. Nb6 Kg5 43. Nd5 Rc8 44. g3 Rh8 45. Nf4 Rh2+ 46. Ne2 Bf2 47. a4 Bxg3 48. Rxg3 f4 49. Rg1 f3 50. Re1 Kh4 51. Kd3 Rxe2 52. Rf1 Re8 53. b4 Kh3 54. bxa5 Kg2 55. Rb1 f2 0-1

[Event "Alsace-Baden"]
[Site "Strasbourg"]
[Date "2015.09.13"]
[Round "?.16"]
[White "Blum, Nicolas"]
[Black "Merklinger, Markus"]
[Result "1-0"]
[WhiteElo "2165"]
[BlackElo "2112"]
[PlyCount "67"]
[EventDate "2015.09.13"]
[EventType "team-match"]
[EventRounds "1"]
[EventCountry "FRA"]
[SourceTitle "EXT 2018"]
[Source "ChessBase"]
[SourceDate "2017.10.13"]
[SourceVersion "1"]
[SourceVersionDate "2017.10.13"]
[SourceQuality "1"]
[WhiteTeam "Alsace"]
[BlackTeam "Baden"]
[WhiteTeamCountry "FRA"]
[BlackTeamCountry "GER"]

1. e4 d6 2. d4 Nf6 3. Nc3 e5 4. Nf3 Nbd7 5. Bc4 Be7 6. 0-0 0-0 7. Re1 c6 8. a4 a5 9. b3 Qc7 10. h3 Nb6 11. Bf1 Re8 12. Bb2 Bf8 13. Qd2 Nbd7 14. Rad1 b6 15. Bc4 h6 16. d5 c5 17. Nh4 g6 18. f4 exf4 19. Qxf4 Nh5 20. Nb5 Qd8 21. Qf2 Be7 22. Nf3 f6 23. Nh4 Nf8 24. Qe3 Kh7 25. g4 Ng7 26. Bd3 f5 27. Bxg7 Kxg7 28. exf5 Bb7 29. Nxg6 Nxg6 30. fxg6 Bxd5 31. Bc4 Bxc4 32. bxc4 Bg5 33. Qf3 Rxe1+ 34. Rxe1 1-0

[Event "Verbandsliga Sued Baden 0910"]
[Site "Germany"]
[Date "2010.01.31"]
[Round "6.7"]
[White "Merklinger, Markus"]
[Black "Dettweiler, Christian"]
[Result "1/2-1/2"]
[WhiteElo "2160"]
[BlackElo "2059"]
[PlyCount "61"]
[EventDate "2009.10.11"]
[EventType "team-tourn"]
[EventRounds "9"]
[EventCountry "GER"]
[SourceTitle "EXT 2011"]
[Source "ChessBase"]
[SourceDate "2010.11.26"]
[SourceVersion "1"]
[SourceVersionDate "2010.11.26"]
[SourceQuality "1"]
[WhiteTeam "Kuppenheim"]
[BlackTeam "Iffezheim"]
[WhiteTeamCountry "GER"]
[BlackTeamCountry "GER"]

1. e4 c5 2. Nf3 d6 3. c3 Nf6 4. Be2 g6 5. 0-0 Bg7 6. Re1 0-0 7. Bf1 Nc6 8. h3 e5 9. d4 cxd4 10. cxd4 exd4 11. Nxd4 Nxd4 12. Qxd4 Re8 13. Qd3 d5 14. Nc3 Nxe4 15. Nxd5 Be6 16. Rxe4 Qxd5 17. Qe2 f5 18. Re3 Rac8 19. Qb5 a6 20. Qxd5 Bxd5 21. Bd3 Rxe3 22. fxe3 Bxa2 23. Rxa2 Rxc1+ 24. Kf2 Kf8 25. b3 Rc3 26. Bc4 Bh6 27. Re2 b5 28. Be6 Rc6 29. Bd5 Rc5 30. e4 fxe4 31. Bxe4 1/2-1/2

[Event "Zuerich op-A 32nd"]
[Site "Zuerich"]
[Date "2008.12.27"]
[Round "3"]
[White "Dimitrov, Atanas Valtchev"]
[Black "Merklinger, Markus"]
[Result "1-0"]
[WhiteElo "2329"]
[BlackElo "2169"]
[PlyCount "109"]
[EventDate "2008.12.26"]
[EventType "swiss"]
[EventRounds "7"]
[EventCountry "SUI"]
[SourceTitle "CBM 127 Extra"]
[Source "ChessBase"]
[SourceDate "2009.01.08"]
[SourceVersion "2"]
[SourceVersionDate "2009.01.28"]
[SourceQuality "1"]

1. d4 Nf6 2. Nf3 e6 3. g3 c5 4. c4 cxd4 5. Nxd4 Nc6 6. Bg2 a6 7. 0-0 Qb6 8. Nb3 d6 9. Nc3 Ne5 10. Be3 Qc7 11. Na4 Ned7 12. Rc1 Be7 13. Qd4 0-0 14. Rfd1 e5 15. Qd2 Nc5 16. Nc3 Nxb3 17. axb3 Be6 18. Na4 Nd7 19. b4 Rfd8 20. b3 Rac8 21. Nc3 Nf6 22. h3 Qb8 23. Bb6 Rd7 24. e4 Rc6 25. Be3 b5 26. Nd5 Bd8 27. Bg5 Ne8 28. Bf1 Bxg5 29. Qxg5 f6 30. Qd2 f5 31. exf5 Bf7 32. cxb5 Rxc1 33. Qxc1 axb5 34. Qc6 Rb7 35. Ra1 Kf8 36. Ra5 Bxd5 37. Qxd5 Nf6 38. Qc6 Ke7 39. Rxb5 Rxb5 40. Bxb5 Qa7 41. Bc4 Qd7 42. Qf3 d5 43. Bf1 e4 44. Qf4 Qd6 45. Qxd6+ Kxd6 46. g4 Ke5 47. Ba6 Nd7 48. Kf1 Kf4 49. Ke2 Nb6 50. Bb7 d4 51. Bc6 h6 52. b5 Nc8 53. Bb7 Nb6 54. h4 Nd7 55. h5 1-0